Co a jak se dřevem

Enregistré dans:
Détails bibliographiques
Auteur principal: Vinter, Jan (Auteur)
Format: Livre
Langue:tchèque
Publié: Praha : SNTL, 1984
Édition:2. vyd.
Tags: Ajouter un tag
Pas de tags, Soyez le premier à ajouter un tag!

MARC

LEADER 00000nam a22000003a 4500
001 stu139483
005 20150617225928.9
008 070330s1984----xr------------------cze-d
040 |a STU  |b slo 
041 0 |a cze 
044 |a xr 
080 |a 674.02 
100 1 |a Vinter, Jan  |4 aut 
245 1 |a Co a jak se dřevem 
250 |a 2. vyd. 
260 |a Praha :  |b SNTL,  |c 1984 
300 |a 251 s 
996 |c V*29483/O-11699  |l VV16  |s P  |a 0  |w stu139483_0001